| 000 | 00470nam a2200181 a 4500 | ||
|---|---|---|---|
| 001 | 1765892289808 | ||
| 003 | YourLibrary | ||
| 005 | 20251222113021.0 | ||
| 008 | 251216s1997##################000#0#eng## | ||
| 020 | _a9780820433844 | ||
| 082 | 0 | 4 |
_a226.6066 _bFOU |
| 100 | 1 |
_aFournier, Marianne, _eauthor. |
|
| 245 | 1 | 0 | _aThe Episode at Lystra : |
| 260 |
_bNew York : P. Lang, _c1997. |
||
| 650 | 0 | _aBible. | |
| 942 | _cENGLISH | ||
| 040 |
_aYourLibrary _beng _cYourLibrary |
||
| 999 |
_c603788 _d603788 |
||